1479 1406 1534 1166 1200 1071 1421 1620 1133 1127 1001 1676 1581 1981 1384 1734 1315 1802 1090 1134 1860 1820 1617 1353 1975 1389 1158 1411 2000 1929 1369 1247 1803 1533 1016 1184 1873 1158 1444 1239 1993 1394 1693 1890 1196 1076 1482 1250 1371 1177 1451 1265 1366 1814 1936 1228 1682 1078 1427 1066 1788 1189 1466 1553 1223 1225 1092 1998 1915 1268 1865 1778 1118 1921 1825 1169 1129 1882 1799 1432 1165 1695 1148 1715 1504 1914 1479 1915 1548 1143 1822 1986 1672 1547 1301 1491 1637 1723 1880 BCNSPRNW ULIB Ver.6.0+V

เปลี่ยนเป็นภาษาไทย

Change to English
 แสดงรายละเอียดบรรณานุกรม
  กลับหน้าหลัก

Brief Record : Get Marc (ISO 2709) : E-mail record : QR code < ปิดหน้าต่าง
LEADER : 00000nam 2200000uu 4500
001    13399124966
003     ULIB
008    160526s2558||||th 000 0 tha d
020    ^a9786163942982
060  4 ^aWM274 พ245น
100    ^aพรนภา หอมสินธุ์
245    ^aแนวคิด และทฤษฎี สู่การปฏิบัติ : การป้องกันการสูบบุหรี่และดื่มแอลกอฮอล์ในวัยรุ่น
250    ^aพิมพ์ครั้งที่ 1
260    ^aชลบุรี :^bชลบุรีการพิมพ์,^c2558
300    ^a110 หน้า^bภาพประกอบ
650  7 ^aเครื่องดื่มแอลกอฮอล์^xในวัยรุ่น
650  7 ^aบุหรี่^xในวัยรุ่น
945    ^p150^l0^i000920
945    ^p150^l0^i000921
999    ^aเกษร โพธิ์สุวรรณ
รายการนี้ยังไม่มีแท็ก
คุณยังไม่ได้ล็อกอิน คุณสามารถมีกิจกรรมร่วมกับเว็บไซต์ได้ แต่ต้องล็อกอินก่อน ::
  ล็อกอิน

รายการสื่อสารสนเทศ

ลำดับที่ ประเภท เลขเรียก/บาร์โค้ด สถานที่ สถานะ
1. วิทยาศาสตร์การแพทย์ และสุขภาพ
วิทยาศาสตร์การแพทย์ และสุขภาพ
สถานะ=หนังสือเก่า
WM274 พ245น ฉ.1 
  Barcode: 000920
ห้องสมุดวิทยาเขตสวรรค์ประชารักษ์
►ส่วนจัดเก็บหนังสือเก่า สปร
บนชั้น
  ขอยืม
2. วิทยาศาสตร์การแพทย์ และสุขภาพ
วิทยาศาสตร์การแพทย์ และสุขภาพ
สถานะ=หนังสือเก่า
WM274 พ245น ฉ.2 
  Barcode: 000921
ห้องสมุดวิทยาเขตสวรรค์ประชารักษ์
►ส่วนจัดเก็บหนังสือเก่า สปร
บนชั้น
  ขอยืม

รายการใกล้เคียง
    ชื่อเรื่อง [แนวคิด และทฤษฎี สู่การปฏิบัติ : การป้องกันการสูบบุหรี่และดื่มแอลกอฮอล์ในวัยรุ่น]

    ผู้แต่ง [พรนภา หอมสินธุ์]

BibComment


ยังไม่เคยถูกคอมเมนท์

คอมเมนท์ทรัพยากรรายการนี้
  คอมเมนท์: แนวคิด และทฤษฎี ..


 Copyright 2026. Bcnsprnw @Library